[Event "Schleswig Holstein-ch U18 VM"]
[Site "Neumuenster"]
[Date "2005.03.22"]
[Round "6"]
[White "Baumgarten, Marcel"]
[Black "Rempe, Tobias"]
[Result "1-0"]
[WhiteElo "1240"]
[BlackElo "1302"]
[PlyCount "111"]
[EventDate "2005.03.19"]
[EventType "swiss"]
[EventRounds "9"]
[EventCountry "GER"]
[SourceTitle "EXT 2007"]
[Source "ChessBase"]
[SourceDate "2006.11.23"]
[SourceVersion "1"]
[SourceVersionDate "2006.11.23"]
[SourceQuality "1"]

1. d4 Nf6 2. c4 c5 3. d5 b5 4. cxb5 a6 5. Nc3 axb5 6. Nxb5 Qa5+ 7. Nc3 Bb7 8. Bd2 Qb6 9. b3 Bxd5 10. Nxd5 Nxd5 11. e4 Nf6 12. Qf3 Qc6 13. Bc4 Qxe4+ 14. Qxe4 Nxe4 15. Bd5 Ra6 16. Bxe4 Re6 17. f3 d5 18. Bf4 Nd7 19. Kf2 dxe4 20. Re1 Ra6 21. a4 exf3 22. Nxf3 e6 23. Rc1 Be7 24. Rhd1 Ra7 25. Rc2 0-0 26. a5 Nf6 27. Ne5 Rc8 28. b4 Raa8 29. b5 Bf8 30. Nc6 e5 31. Bg3 Ne4+ 32. Kf3 Nxg3 33. Kxg3 f5 34. Rd7 h6 35. a6 Kh7 36. Re2 e4 37. Kf4 Kg6 38. a7 Kf6 39. Rb7 Ke6 40. Rd2 Bd6+ 41. Ke3 Bxh2 42. g4 Bg3 43. gxf5+ Kf6 44. Kxe4 Re8+ 45. Kf3 Be5 46. Nxe5 Rxe5 47. Rd6+ Kxf5 48. Rf7+ Kg5 49. Rxg7+ Kh5 50. Kf4 Rg5 51. Rxh6+ Kxh6 52. Rxg5 Rxa7 53. Rxc5 Kg6 54. Ke5 Kf7 55. Kd6 Ke8 56. Rc8+ 1-0